[Event "Madrid San Viator op 23rd"]
[Site "Madrid"]
[Date "2014.10.26"]
[Round "5"]
[White "San Felipe, Asis Raquel"]
[Black "Padin Lazaro, Jose Manuel"]
[Result "1/2-1/2"]
[WhiteElo "1660"]
[BlackElo "1922"]
[PlyCount "40"]
[EventDate "2014.09.28"]
[EventType "swiss"]
[EventRounds "9"]
[EventCountry "ESP"]
[SourceTitle "EXT 2016"]
[Source "ChessBase"]
[SourceDate "2015.10.08"]
[SourceVersion "1"]
[SourceVersionDate "2015.10.08"]
[SourceQuality "1"]

1. e4 e6 2. d4 d5 3. Nd2 Nf6 4. e5 Nfd7 5. Bd3 c5 6. c3 Nc6 7. Ne2 cxd4 8. cxd4 f6 9. exf6 Nxf6 10. 0-0 Bd6 11. Nf3 Qc7 12. Re1 0-0 13. Ng3 Bd7 14. Qc2 Rac8 15. Ng5 Nxd4 16. Bxh7+ Kh8 17. Qd3 e5 18. Bd2 Bb5 19. Qg6 Be8 20. Qd3 Bb5 1/2-1/2

[Event "Madrid San Viator op 22nd"]
[Site "Madrid"]
[Date "2014.05.25"]
[Round "8"]
[White "Uceda Martinez, Jacinto"]
[Black "San Felipe, Asis Raquel"]
[Result "1-0"]
[WhiteElo "1822"]
[BlackElo "1654"]
[PlyCount "123"]
[EventDate "2014.03.23"]
[EventType "swiss"]
[EventRounds "9"]
[EventCountry "ESP"]
[SourceTitle "EXT 2015"]
[Source "ChessBase"]
[SourceDate "2014.11.20"]
[SourceVersion "1"]
[SourceVersionDate "2014.11.20"]
[SourceQuality "1"]

1. d4 Nf6 2. c4 e5 3. d5 c6 4. d6 Qa5+ 5. Nc3 Qc5 6. Bg5 Qxd6 7. Qxd6 Bxd6 8. Bxf6 gxf6 9. 0-0-0 Be7 10. e4 Rg8 11. Nge2 Na6 12. f4 exf4 13. Nxf4 Nc5 14. g3 d6 15. Be2 f5 16. exf5 Bxf5 17. Rhe1 0-0-0 18. Bh5 Be6 19. Bxf7 Bxf7 20. Rxe7 Bxc4 21. b3 Ba6 22. Rxh7 Rd7 23. Rh6 d5 24. b4 Ne4 25. Nxe4 dxe4 26. Re6 Rxd1+ 27. Kxd1 Rd8+ 28. Kc1 Rd4 29. a3 Kd7 30. Re5 Bc4 31. Kc2 Kd6 32. Re8 Bf7 33. Rf8 Ke7 34. Rb8 b6 35. Rb7+ Kf6 36. Rxa7 e3 37. Ra6 Bg6+ 38. Kc3 Rd2 39. Rxb6 Rc2+ 40. Kd4 e2 41. Nxe2 Rxe2 42. Rxc6+ Kg5 43. h4+ Kh6 44. b5 Rd2+ 45. Ke5 Kg7 46. b6 Rb2 47. a4 Be8 48. Rc7+ Kh6 49. a5 Rb5+ 50. Kd6 Rxa5 51. Ra7 Rb5 52. Kc7 Rc5+ 53. Kd8 Bc6 54. b7 Rb5 55. Kc7 Bxb7 56. Rxb7 Rd5 57. Rb3 Kh5 58. Kc6 Rd2 59. Rb5+ Kg4 60. Rg5+ Kf3 61. h5 Rh2 62. Kd6 1-0

[Event "Madrid San Viator op 22nd"]
[Site "Madrid"]
[Date "2014.05.11"]
[Round "6"]
[White "Vega De Las Heras, Carlos"]
[Black "San Felipe, Asis Raquel"]
[Result "1/2-1/2"]
[WhiteElo "1560"]
[BlackElo "1654"]
[PlyCount "39"]
[EventDate "2014.03.23"]
[EventType "swiss"]
[EventRounds "9"]
[EventCountry "ESP"]
[SourceTitle "EXT 2015"]
[Source "ChessBase"]
[SourceDate "2014.11.20"]
[SourceVersion "1"]
[SourceVersionDate "2014.11.20"]
[SourceQuality "1"]

1. d4 Nf6 2. c4 e5 3. dxe5 Ng4 4. Nf3 Nc6 5. Bf4 Bb4+ 6. Nbd2 Qe7 7. a3 Bc5 8. e3 Ngxe5 9. Nxe5 Nxe5 10. Be2 a5 11. Nf3 Ng6 12. Bg3 0-0 13. Qd2 Re8 14. 0-0 d6 15. b4 Bb6 16. b5 a4 17. Nd4 Ba5 18. Qc2 Ne5 19. Qxa4 Bg4 20. Qc2 1/2-1/2

[Event "Villalba op 1st"]
[Site "Villalba"]
[Date "2013.08.03"]
[Round "8.12"]
[White "San Felipe, Asis Raquel"]
[Black "Elizondo Marquet, Juan Marcos"]
[Result "1/2-1/2"]
[WhiteElo "1677"]
[BlackElo "1880"]
[PlyCount "89"]
[EventDate "2013.07.27"]
[EventType "swiss"]
[EventRounds "9"]
[EventCountry "ESP"]
[SourceTitle "EXT 2024"]
[Source "ChessBase"]
[SourceDate "2023.10.10"]
[SourceVersion "1"]
[SourceVersionDate "2023.10.10"]
[SourceQuality "1"]

1. e4 c5 2. b3 d5 3. exd5 Qxd5 4. Nc3 Qd8 5. Nf3 Bg4 6. Bc4 e6 7. Bb2 Nf6 8. Qe2 Nc6 9. Bb5 Rc8 10. h3 Bxf3 11. Qxf3 Be7 12. Ne4 Nxe4 13. Qxe4 0-0 14. Bd3 g6 15. h4 Bf6 16. Bxf6 Qxf6 17. c3 Rfd8 18. f4 Rd6 19. 0-0-0 a6 20. h5 Rcd8 21. Bc2 b5 22. hxg6 hxg6 23. Qf3 b4 24. Qh3 Qg7 25. g4 bxc3 26. dxc3 Rxd1+ 27. Rxd1 Rxd1+ 28. Kxd1 Ne7 29. Kd2 Qf6 30. Qf3 Nd5 31. f5 Kg7 32. Be4 Qe5 33. Bxd5 exd5 34. Qe2 Qxe2+ 35. Kxe2 gxf5 36. gxf5 Kf6 37. Kd3 Kxf5 38. a3 Ke5 39. c4 d4 40. b4 cxb4 41. axb4 f5 42. b5 axb5 43. cxb5 Kd5 44. b6 Kc6 45. Kxd4 1/2-1/2

[Event "Tres Cantos op 5th"]
[Site "Tres Cantos"]
[Date "2013.06.22"]
[Round "2"]
[White "San Felipe, Asis Raquel"]
[Black "Roa Alonso, Santiago"]
[Result "0-1"]
[WhiteElo "1677"]
[BlackElo "2404"]
[PlyCount "54"]
[EventDate "2013.06.21"]
[EventType "swiss"]
[EventRounds "9"]
[EventCountry "ESP"]
[SourceTitle "EXT 2014"]
[Source "ChessBase"]
[SourceDate "2013.11.20"]
[SourceVersion "1"]
[SourceVersionDate "2013.11.20"]
[SourceQuality "1"]

1. e4 d6 2. d4 Nf6 3. Nc3 c6 4. Bg5 Nbd7 5. Nf3 e5 6. Bd3 Be7 7. Qd2 h6 8. Bh4 Qb6 9. dxe5 dxe5 10. Na4 Qc7 11. Rd1 0-0 12. 0-0 b5 13. Nc3 Re8 14. a3 a5 15. Ne2 Nc5 16. Bxf6 Bxf6 17. b4 axb4 18. Qxb4 Be7 19. Qc3 Nxd3 20. cxd3 Rxa3 21. Qb2 Bg4 22. Rd2 Bxf3 23. gxf3 Qd6 24. Nc1 Bg5 25. Rc2 Qg6 26. Kh1 Qh5 27. Qxa3 Bf4 0-1

[Event "Madrid-ch Previa-B"]
[Site "Madrid"]
[Date "2013.02.15"]
[Round "6"]
[White "Vazquez Cabeza, Isaac"]
[Black "San Felipe, Asis Raquel"]
[Result "0-1"]
[WhiteElo "1493"]
[BlackElo "1650"]
[PlyCount "90"]
[EventDate "2013.02.01"]
[EventType "swiss"]
[EventRounds "9"]
[EventCountry "ESP"]
[SourceTitle "CBM 152 Extra"]
[Source "ChessBase"]
[SourceDate "2013.02.25"]
[SourceVersion "1"]
[SourceVersionDate "2013.02.25"]
[SourceQuality "1"]

1. c4 Nf6 2. Nc3 c5 3. d3 Nc6 4. g3 d5 5. cxd5 Nxd5 6. Bg2 e6 7. Nf3 Be7 8. 0-0 0-0 9. Bd2 a6 10. Qc1 b5 11. Ne4 Qb6 12. Be3 Nxe3 13. Qxe3 Bb7 14. Rac1 Nd4 15. b4 Bxe4 16. dxe4 Rfd8 17. Rfd1 h6 18. e5 Nxf3+ 19. Bxf3 Rxd1+ 20. Rxd1 Rb8 21. Rd7 Bf8 22. Bh5 g6 23. Qf4 f5 24. Bxg6 Rb7 25. Rxb7 Qxb7 26. bxc5 Qd5 27. Qe3 Qxc5 28. Qxc5 Bxc5 29. e3 Kf8 30. Kf1 a5 31. Ke2 Ke7 32. Kd3 Kd7 33. h3 Bb6 34. f3 Bc7 35. f4 Bb6 36. e4 fxe4+ 37. Kxe4 b4 38. g4 a4 39. f5 b3 40. axb3 a3 41. f6 a2 42. Bh5 a1Q 43. f7 Qd4+ 44. Kf3 Qe3+ 45. Kg2 Qf2+ 0-1

[Event "Madrid-ch (Women) 1213"]
[Site "Madrid"]
[Date "2013.01.19"]
[Round "4"]
[White "San Felipe, Asis Raquel"]
[Black "Hrybanova, Valeriya"]
[Result "0-1"]
[WhiteElo "1650"]
[BlackElo "1556"]
[PlyCount "60"]
[EventDate "2013.01.11"]
[EventType "swiss"]
[EventRounds "7"]
[EventCountry "ESP"]
[SourceTitle "EXT 2015"]
[Source "ChessBase"]
[SourceDate "2014.11.20"]
[SourceVersion "1"]
[SourceVersionDate "2014.11.20"]
[SourceQuality "1"]

1. e4 e5 2. Nf3 Nc6 3. Bc4 Be7 4. c3 d6 5. d4 Nf6 6. d5 Na5 7. Bd3 b6 8. h3 Nb7 9. Be3 Bd7 10. Nbd2 h6 11. Qe2 c6 12. c4 c5 13. a3 Qc8 14. b4 0-0 15. Nh4 Nxd5 16. exd5 Bxh4 17. Qh5 Bd8 18. g4 Be8 19. g5 f5 20. Qf3 hxg5 21. Rg1 f4 22. Qe4 g6 23. Bxf4 Rxf4 24. Qg2 Rh4 25. Rh1 g4 26. 0-0-0 gxh3 27. Qh2 Qg4 28. Rdg1 Qf4 29. Rg3 Bg5 30. Rd1 Ba4 0-1

[Event "San Sebastian de los Reyes op 14th"]
[Site "San Sebastian"]
[Date "2012.12.09"]
[Round "9"]
[White "Garcia Prados, David"]
[Black "San Felipe, Asis Raquel"]
[Result "1-0"]
[WhiteElo "2025"]
[BlackElo "1683"]
[PlyCount "67"]
[EventDate "2012.12.01"]
[EventType "swiss"]
[EventRounds "9"]
[EventCountry "ESP"]
[SourceTitle "CBM 151 Extra"]
[Source "ChessBase"]
[SourceDate "2012.12.18"]
[SourceVersion "1"]
[SourceVersionDate "2012.12.18"]
[SourceQuality "1"]

1. e4 d5 2. Nc3 d4 3. Nce2 e5 4. Ng3 Nc6 5. Bc4 Nf6 6. a3 Be7 7. d3 0-0 8. N1e2 Na5 9. Ba2 c5 10. 0-0 b5 11. f4 Nc6 12. fxe5 Nxe5 13. h3 Bb7 14. Nf5 Re8 15. Nxe7+ Qxe7 16. Ng3 Rad8 17. Bg5 Ned7 18. Qf3 h6 19. Nf5 Qf8 20. Bf4 Ne5 21. Bxe5 Rxe5 22. Qg3 Rde8 23. Nxh6+ Kh7 24. Nxf7 Rh5 25. Ng5+ Kh8 26. e5 Qe7 27. exf6 gxf6 28. Nf7+ Kh7 29. Rae1 Qd7 30. Rxe8 Qxe8 31. Nd6 Qe7 32. Nxb7 Qxb7 33. Qg8+ Kh6 34. Rxf6# 1-0

[Event "San Sebastian de los Reyes op 14th"]
[Site "San Sebastian"]
[Date "2012.12.08"]
[Round "8"]
[White "San Felipe, Asis Raquel"]
[Black "Bachiller Corral, Jose Maria"]
[Result "1-0"]
[WhiteElo "1683"]
[BlackElo "1366"]
[PlyCount "61"]
[EventDate "2012.12.01"]
[EventType "swiss"]
[EventRounds "9"]
[EventCountry "ESP"]
[SourceTitle "CBM 151 Extra"]
[Source "ChessBase"]
[SourceDate "2012.12.18"]
[SourceVersion "1"]
[SourceVersionDate "2012.12.18"]
[SourceQuality "1"]

1. e4 e6 2. d4 d5 3. exd5 exd5 4. Nf3 Nf6 5. Bd3 Bg4 6. 0-0 Bd6 7. Re1+ Be6 8. Bg5 Nbd7 9. Nbd2 0-0 10. c4 c6 11. c5 Be7 12. Qc2 g6 13. Ne5 Re8 14. f4 Nxe5 15. fxe5 Ng4 16. Bxe7 Qxe7 17. h3 Nh6 18. Rf1 Qg5 19. Rf3 Qh4 20. Nb3 Bf5 21. Raf1 Bxd3 22. Qxd3 Re6 23. Rf4 Qe7 24. g4 Rf8 25. Nd2 f5 26. Qg3 fxg4 27. Rxf8+ Kg7 28. hxg4 Qg5 29. Qf4 Qh4 30. g5 Ng4 31. Qf7# 1-0

[Event "San Sebastian de los Reyes op 14th"]
[Site "San Sebastian"]
[Date "2012.12.06"]
[Round "6"]
[White "San Felipe, Asis Raquel"]
[Black "Gonzalez Mateo, Jose Luis"]
[Result "0-1"]
[WhiteElo "1683"]
[BlackElo "1796"]
[PlyCount "124"]
[EventDate "2012.12.01"]
[EventType "swiss"]
[EventRounds "9"]
[EventCountry "ESP"]
[SourceTitle "CBM 151 Extra"]
[Source "ChessBase"]
[SourceDate "2012.12.18"]
[SourceVersion "1"]
[SourceVersionDate "2012.12.18"]
[SourceQuality "1"]

1. e4 c5 2. Nf3 g6 3. d4 cxd4 4. Nxd4 Bg7 5. Be3 Nc6 6. Nc3 Nf6 7. f3 0-0 8. Qd2 d5 9. 0-0-0 Nxd4 10. Bxd4 dxe4 11. Nxe4 Nxe4 12. fxe4 Qc7 13. Bxg7 Kxg7 14. Be2 Be6 15. Qd4+ f6 16. Kb1 Rac8 17. c3 Qa5 18. a3 Rc6 19. Qb4 Qc7 20. Qd4 Rb6 21. g4 Rc8 22. Ka1 Rd6 23. Qxa7 Rxd1+ 24. Bxd1 Qf4 25. Bc2 Qc7 26. Qa4 Bxg4 27. e5 f5 28. h3 Bf3 29. Rg1 Qxe5 30. Qd7 Rf8 31. Bb3 Qe3 32. Rf1 Bc6 33. Qd4+ Qxd4 34. cxd4 Bg2 35. Re1 Be4 36. Be6 Kf6 37. Bc4 Rd8 38. Rd1 Bd5 39. Be2 Bb3 40. Rd2 Kg5 41. Bf3 Bd5 42. h4+ Kf4 43. Bd1 e6 44. Rc2 Ke3 45. Rc7 Rh8 46. Kb1 Kxd4 47. Kc2 e5 48. Kd2 e4 49. Re7 f4 50. Ke2 e3 51. Ke1 f3 52. b4 f2+ 53. Kf1 Bc4+ 54. Be2 Bxe2+ 55. Kxe2 Rf8 56. Kf1 Kd3 57. Rd7+ Kc2 58. Re7 Kd3 59. Rd7+ Ke4 60. Re7+ Kf3 61. a4 Rc8 62. Rf7+ Kg3 0-1

[Event "San Sebastian de los Reyes op 14th"]
[Site "San Sebastian"]
[Date "2012.12.02"]
[Round "2"]
[White "San Felipe, Asis Raquel"]
[Black "Gueler Berdasco, Martin"]
[Result "0-1"]
[WhiteElo "1683"]
[BlackElo "1921"]
[PlyCount "50"]
[EventDate "2012.12.01"]
[EventType "swiss"]
[EventRounds "9"]
[EventCountry "ESP"]
[SourceTitle "CBM 151 Extra"]
[Source "ChessBase"]
[SourceDate "2012.12.18"]
[SourceVersion "1"]
[SourceVersionDate "2012.12.18"]
[SourceQuality "1"]

1. e4 c5 2. c3 d5 3. e5 Nc6 4. d4 Qc7 5. Nf3 Bf5 6. Bd3 Bxd3 7. Qxd3 e6 8. Be3 Nge7 9. 0-0 Nf5 10. Re1 c4 11. Qc2 b5 12. Nbd2 Be7 13. b3 Na5 14. Rab1 cxb3 15. axb3 Rc8 16. g4 Nh4 17. Nxh4 Bxh4 18. Rec1 Be7 19. Qa2 0-0 20. Ra1 Nc6 21. b4 Ra8 22. Nb3 Rfb8 23. Nc5 Bxc5 24. dxc5 Nxe5 25. Bf4 Nf3+ 0-1